000 00552nam a2200169Ia 4500
005 20250508153333.0
008 008 250505s9999 xx 000 0 eng d
037 _aBooks to be hide in OPAC
040 _aFEDL
_beng
_cFEDL
041 _aeng
_2eng
084 _a307.72, UTT/O
_qFEDL
245 0 _aGuide to rural youth organization : Based on a pilot project
260 _aUttar Pradesh, India
_bPlanning Research and Action Institute Planning Department
300 _a93p.
942 _cHB
_h307.72, UTT/O
999 _c1342115
_d1342115